000 00351 a2200157 4500
001 150810
040 _cEscola São Tomás de Aquino
100 _aBONALDO, Nadia
240 1 0 _aMinha primeira eucaristia
_lpor
245 1 0 _aMinha primeira eucaristia
300 _a32
362 0 _a2004
440 1 _aPaulinas
697 _aRELIGIÃO
942 _cBK
999 _c150810
_d150810